| 000 | 01810cam a22003854a 4500 | ||
|---|---|---|---|
| 999 |
_c24033 _d24033 |
||
| 001 | 14364520 | ||
| 005 | 20170127152332.0 | ||
| 008 | 060504s2006 hiuab b 001 0 eng | ||
| 010 | _a 2006015042 | ||
| 020 | _a9780824821517 (hardcover : alk. paper) | ||
| 020 | _a0824821513 (hardcover : alk. paper) | ||
| 035 | _a(OCoLC)ocm68624088 | ||
| 035 | _a(OCoLC)68624088 | ||
| 040 |
_aDLC _cDLC _dYDX _dBAKER _dBTCTA _dYDXCP _dCOO _dPUL _dIXA _dDLC |
||
| 042 | _apcc | ||
| 043 | _aa-cc--- | ||
| 050 | 0 | 0 |
_aNA1546 _b .S66R83 2006 |
| 100 | 1 |
_aRuan, Xing, _d1965- |
|
| 245 | 1 | 0 |
_aAllegorical architecture : _bliving myth and architectonics in southern China / _cXing Ruan. |
| 246 | 3 | 0 | _aLiving myth and architectonics in southern China |
| 260 |
_aHonolulu : _bUniversity of Hawai'i Press, _cc2006. |
||
| 300 |
_axiii, 219 p. : _bill., maps ; _c27 cm. |
||
| 490 | 1 | _aSpatial habitus | |
| 504 | _aIncludes bibliographical references (p. 191-214) and index. | ||
| 650 | 0 | _aArchitecture, Dong. | |
| 650 | 0 |
_aEthnic architecture _zChina, Southwest. |
|
| 650 | 0 |
_aVernacular architecture _zChina, Southwest. |
|
| 650 | 0 |
_aSymbolism in architecture _zChina, Southwest. |
|
| 830 | 0 | _aSpatial habitus (Series) | |
| 856 | 4 | 1 |
_3Table of contents only _uhttp://www.loc.gov/catdir/toc/ecip0613/2006015042.html |
| 942 |
_2lcc _cBOOKS _hNA1546 .S66R83 2006 |
||